Alonzo Ameli papers, (Record no. 44860)
[ view plain ]
| 000 -LEADER | |
|---|---|
| fixed length control field | 01996cpcaa2200385 a 4500 |
| 001 - CONTROL NUMBER | |
| control field | mm2011085588 |
| 003 - CONTROL NUMBER IDENTIFIER | |
| control field | DLC |
| 005 - DATE AND TIME OF LATEST TRANSACTION | |
| control field | 20260227111732.0 |
| 008 - FIXED-LENGTH DATA ELEMENTS--GENERAL INFORMATION | |
| fixed length control field | 110531|||||||||||| eng |
| 010 ## - LIBRARY OF CONGRESS CONTROL NUMBER | |
| LC control number | mm2011085588 |
| 040 ## - CATALOGING SOURCE | |
| Original cataloging agency | DLC |
| Transcribing agency | DLC |
| Description conventions | dacs |
| Modifying agency | DLC |
| 072 #7 - SUBJECT CATEGORY CODE | |
| Subject category code | W |
| Source | lcmd |
| 100 1# - MAIN ENTRY--PERSONAL NAME | |
| Personal name | Ameli, Alonzo, |
| Dates associated with a name | 1838-1912. |
| 245 00 - TITLE STATEMENT | |
| Title | Alonzo Ameli papers, |
| Inclusive dates | 1861-1863. |
| 300 ## - PHYSICAL DESCRIPTION | |
| Extent | 80 |
| Type of unit | items. |
| 506 0# - RESTRICTIONS ON ACCESS NOTE | |
| Terms governing access | Open to research. |
| 520 8# - SUMMARY, ETC. | |
| Summary, etc. | Chiefly correspondence between Ameli and his brother, Peter Ameli, relating to Alonzo Ameli's Civil War service with the 5th New York Infantry Regiment, also known as Duryée's Zouaves (Duryea's Zouaves), chiefly in Maryland, Virginia, and the area surrounding Washington, D.C. Ameli describes camp life, movements of the regiment, and details of skirmishes and battles including the Battle of Big Bethel, Va., 1861. He provides his opinions on the Civil War, morale of the troops, and military leadership, especially that of George Brinton McClellan. |
| 545 0# - BIOGRAPHICAL OR HISTORICAL DATA | |
| Biographical or historical data | Union Army soldier. |
| 546 ## - LANGUAGE NOTE | |
| Language note | Collection material in English. |
| 580 ## - LINKING ENTRY COMPLEXITY NOTE | |
| Linking entry complexity note | Forms part of: Miscellaneous Manuscripts collection. |
| 600 10 - SUBJECT ADDED ENTRY--PERSONAL NAME | |
| Personal name | Ameli, Peter |
| Form subdivision | Correspondence. |
| 600 10 - SUBJECT ADDED ENTRY--PERSONAL NAME | |
| Personal name | McClellan, George Brinton, |
| Dates associated with a name | 1826-1885. |
| 610 10 - SUBJECT ADDED ENTRY--CORPORATE NAME | |
| Corporate name or jurisdiction name as entry element | United States. |
| Subordinate unit | Army. |
| -- | New York Infantry Regiment, 5th (1861-1863) |
| 610 10 - SUBJECT ADDED ENTRY--CORPORATE NAME | |
| Corporate name or jurisdiction name as entry element | United States. |
| Subordinate unit | Army |
| General subdivision | Officers. |
| 650 #0 - SUBJECT ADDED ENTRY--TOPICAL TERM | |
| Topical term or geographic name entry element | Big Bethel, Battle of, Va., 1861. |
| 651 #0 - SUBJECT ADDED ENTRY--GEOGRAPHIC NAME | |
| Geographic name | Maryland |
| General subdivision | History |
| Chronological subdivision | Civil War, 1861-1865. |
| 651 #0 - SUBJECT ADDED ENTRY--GEOGRAPHIC NAME | |
| Geographic name | New York (State) |
| General subdivision | History |
| Chronological subdivision | Civil War, 1861-1865. |
| 651 #0 - SUBJECT ADDED ENTRY--GEOGRAPHIC NAME | |
| Geographic name | United States |
| General subdivision | History |
| Chronological subdivision | Civil War, 1861-1865. |
| 651 #0 - SUBJECT ADDED ENTRY--GEOGRAPHIC NAME | |
| Geographic name | United States |
| General subdivision | History |
| Chronological subdivision | Civil War, 1861-1865 |
| General subdivision | Campaigns. |
| 651 #0 - SUBJECT ADDED ENTRY--GEOGRAPHIC NAME | |
| Geographic name | Virginia |
| General subdivision | History |
| Chronological subdivision | Civil War, 1861-1865. |
| 651 #0 - SUBJECT ADDED ENTRY--GEOGRAPHIC NAME | |
| Geographic name | Washington (D.C.) |
| General subdivision | History |
| Chronological subdivision | Civil War, 1861-1865. |
| 656 #7 - INDEX TERM--OCCUPATION | |
| Occupation | Soldiers. |
| Source of term | itoamc |
No items available.